|
|
|
|
| LEADER |
00000nam0a2200000 4500 |
| 001 |
82377 |
| 005 |
20231101213228.0 |
| 010 |
|
|
|a 5981197439
|b (в пер.)
|b 5000 экз.
|
| 021 |
|
|
|a RU
|b 05-44787
|9 05-2204
|
| 035 |
|
|
|a (RuTPU)RU\TPU\book\88523
|
| 090 |
|
|
|a 82377
|
| 100 |
|
|
|a 20051003d2005 m y0rusy5002 ca
|
| 101 |
0 |
|
|a rus
|
| 102 |
|
|
|a RU
|
| 105 |
|
|
|a a j 001zy
|
| 200 |
1 |
|
|a Нефтегазовое строительство
|e учебное пособие
|f сост. В. Я. Беляева
|
| 210 |
|
|
|a Москва
|c Омега-Л
|d 2005
|
| 215 |
|
|
|a 758, [13] с.
|c ил.
|
| 225 |
1 |
|
|a Современное бизнес-образование
|
| 320 |
|
|
|a Библиогр. в конце гл.
|
| 330 |
|
|
|a Учебное пособие содержит системное изложение вопросов нефтегазового строительства, а также средств повышения конкурентоспособности отечественного нефтегазостроения. Именно поэтому наравне с традиционной проблематикой нефтегазостроения (оборудование, конструкции, технология и организация) в учебнике широко представлены такие разделы, как «Основы нефтегазового дела», «Управление проектами», «Менеджмент в нефтегазостроительной сфере» и, наконец, «Морские трубопроводы». Все положения и рекомендации полностью соответствуют современным стандартам и техническим решениям. Для студентов высших учебных заведений, изучающих нефтегазовое дело, а также специалистов нефтегазового бизнеса.
|
| 606 |
1 |
|
|a Нефтегазовое строительство
|x Управление
|2 stltpush
|3 (RuTPU)RU\TPU\subj\45560
|9 64755
|
| 610 |
1 |
|
|a нефтепромысловое дело
|
| 610 |
1 |
|
|a газопромысловая геология
|
| 610 |
1 |
|
|a нефтегазовый комплекс
|
| 610 |
1 |
|
|a нефтяные месторождения
|
| 610 |
1 |
|
|a газовые месторождения
|
| 610 |
1 |
|
|a разведка
|
| 610 |
1 |
|
|a разработка
|
| 610 |
1 |
|
|a добыча
|
| 610 |
1 |
|
|a транспортировка
|
| 610 |
1 |
|
|a нефтепродукты
|
| 610 |
1 |
|
|a трубопроводный транспорт
|
| 610 |
1 |
|
|a нефтепереработка
|
| 610 |
1 |
|
|a газоперерабатывающие заводы
|
| 610 |
1 |
|
|a хранение
|
| 610 |
1 |
|
|a нефтегазовый бизнес
|
| 610 |
1 |
|
|a экологическая безопасность
|
| 610 |
1 |
|
|a экономика
|
| 610 |
1 |
|
|a магистральные трубопроводы
|
| 610 |
1 |
|
|a здания
|
| 610 |
1 |
|
|a сооружения
|
| 610 |
1 |
|
|a оборудование
|
| 610 |
1 |
|
|a компрессорные станции
|
| 610 |
1 |
|
|a газорегуляторные станции
|
| 610 |
1 |
|
|a нефтеперекачивающие станции
|
| 610 |
1 |
|
|a конструкции
|
| 610 |
1 |
|
|a архитектурно-строительные решения
|
| 610 |
1 |
|
|a нефтеналивные терминалы
|
| 610 |
1 |
|
|a морские трубопроводы
|
| 610 |
1 |
|
|a проектирование
|
| 610 |
1 |
|
|a монтаж
|
| 610 |
1 |
|
|a строительство
|
| 610 |
1 |
|
|a наземные сооружения
|
| 610 |
1 |
|
|a нефтегазостроительные объекты
|
| 610 |
1 |
|
|a управление
|
| 610 |
1 |
|
|a международные проекты
|
| 610 |
1 |
|
|a корпоративное управление
|
| 610 |
1 |
|
|a учебные пособия
|
| 675 |
|
|
|a 622.323.012:69(075.8)
|v 3
|z rus
|
| 702 |
|
1 |
|a Беляева
|b В. Я.
|4 220
|
| 801 |
|
0 |
|a RU
|b RKP
|c 20050811
|g PSBO
|
| 801 |
|
1 |
|a RU
|b 63413507
|c 20051003
|g PSBO
|
| 801 |
|
2 |
|a RU
|b 63413507
|c 20200721
|g PSBO
|
| 900 |
|
|
|a Нефтегазопромысловое оборудование
|
| 900 |
|
|
|a Сооружение и эксплуатация газонефтепроводов и газонефтехранилищ
|
| 900 |
|
|
|a Геодезическое обеспечение строительства нефтегазопроводов и газонефтехранилищ
|
| 942 |
|
|
|c BK
|
| 951 |
|
|
|a 521500
|b 061100
|
| 959 |
|
|
|a 11/20080130
|d 15
|e 0
|f УФ:15
|